| Tag |
First Indicator |
Second Indicator |
Subfields |
| LEADER |
00000cam a2200000 a 4500 |
| 001 |
in00000012348 |
| 005 |
20151007051817.0 |
| 008 |
871002s1986 ne af b 00110 eng |
| 010 |
|
|
|a 86231678
|
| 020 |
|
|
|a 9004069216
|
| 035 |
|
|
|a (OCoLC)15561878
|
| 035 |
|
|
|9 AAA4909AM
|
| 040 |
|
|
|a DLC
|c DLC
|d TXA
|d UtOrBLW
|
| 043 |
|
|
|a e-gr---
|a e-bu---
|a a-tu---
|
| 049 |
|
|
|a TXAM
|c [A11045468]
|
| 050 |
0 |
0 |
|a DF261.T6
|b I82 1986
|
| 082 |
0 |
|
|a 939/.8
|2 19
|
| 100 |
1 |
|
|a Isaac, Benjamin H.
|
| 245 |
1 |
4 |
|a The Greek settlements in Thrace until the Macedonian conquest /
|c by Benjamin Isaac.
|
| 264 |
|
1 |
|a Leiden :
|b E.J. Brill,
|c 1986.
|
| 300 |
|
|
|a xiv, 304 pages, 1 unnumbered leaf of plates :
|b illustrations ;
|c 25 cm.
|
| 336 |
|
|
|a text
|b txt
|2 rdacontent
|
| 337 |
|
|
|a unmediated
|b n
|2 rdamedia
|
| 338 |
|
|
|a volume
|b nc
|2 rdacarrier
|
| 490 |
1 |
|
|a Studies of the Dutch Archæological and Historical Society ;
|v v. 10
|
| 504 |
|
|
|a Bibliography: pages [293]-295.
|
| 500 |
|
|
|a Includes index.
|
| 651 |
|
0 |
|a Thrace
|x History
|y To 1362.
|
| 650 |
|
0 |
|a Greeks
|z Thrace
|x History.
|
| 830 |
|
0 |
|a Studies of the Dutch Archaeological and Historical Society ;
|v v. 10.
|
| 999 |
|
|
|a MARS
|
| 999 |
f |
f |
|s c51d9804-2272-317c-84f6-de4ac4d90b13
|i 49eea47e-8bb9-32d9-8ef2-08878b57aa5c
|t 0
|
| 952 |
f |
f |
|p normal
|a Texas A&M University
|b College Station
|c Sterling C. Evans Library
|d Evans: Library Stacks
|t 0
|e DF261.T6 I82 1986
|h Library of Congress classification
|i unmediated -- volume
|m A14811045468
|
| 998 |
f |
f |
|a DF261.T6 I82 1986
|t 0
|l Evans: Library Stacks
|